Two crazy pigs / (Record no. 5597)

MARC details
000 -LEADER
fixed length control field 01118cam a2200337 a 4500
001 - CONTROL NUMBER
control field 5597
003 - CONTROL NUMBER IDENTIFIER
control field FISKH
005 - DATE AND TIME OF LATEST TRANSACTION
control field 20241219144816.0
008 - FIXED-LENGTH DATA ELEMENTS--GENERAL INFORMATION
fixed length control field 910501s1992 nyua j 000 1 eng
010 ## - LIBRARY OF CONGRESS CONTROL NUMBER
LC control number 91018860
020 ## - INTERNATIONAL STANDARD BOOK NUMBER
International Standard Book Number 0590449729 :
020 ## - INTERNATIONAL STANDARD BOOK NUMBER
International Standard Book Number 9780590449724
040 ## - CATALOGING SOURCE
Original cataloging agency DLC
Transcribing agency DLC
Modifying agency DLC
Language of cataloging eng
050 ## - LIBRARY OF CONGRESS CALL NUMBER
Classification number PZ7.N1345
082 ## - DEWEY DECIMAL CLASSIFICATION NUMBER
Classification number 543
100 1# - MAIN ENTRY--PERSONAL NAME
Personal name Nagel, Karen Berman.
245 10 - TITLE STATEMENT
Title Two crazy pigs /
Statement of responsibility, etc. by Karen Berman Nagel ; illustrated by Brian Schatell.
260 ## - PUBLICATION, DISTRIBUTION, ETC.
Place of publication, distribution, etc. New York :
Name of publisher, distributor, etc. Scholastic,
Date of publication, distribution, etc. 1992.
300 ## - PHYSICAL DESCRIPTION
Extent 30 unnumbered pages ;
Other physical details color illustrations ;
Dimensions 23 cm
440 #0 - SERIES STATEMENT/ADDED ENTRY--TITLE
Title Hello reader!
Number of part/section of a work Level 2
505 ## - FORMATTED CONTENTS NOTE
Formatted contents note K<br/>
520 ## - SUMMARY, ETC.
Summary, etc. Two pigs who drive the farmer and his wife crazy with their silliness and pranks decide to move to a new farm, only to be missed by all the other animals when they leave.
521 8# - TARGET AUDIENCE NOTE
Target audience note 510<br/>
Source Lexile<br/>
521 8# - TARGET AUDIENCE NOTE
Target audience note K<br/>
Source Raz-Plus<br/>
650 #1 - SUBJECT ADDED ENTRY--TOPICAL TERM
Topical term or geographic name entry element Pigs
General subdivision Fiction.
650 #1 - SUBJECT ADDED ENTRY--TOPICAL TERM
Topical term or geographic name entry element Domestic animals
General subdivision Fiction.
700 1# - ADDED ENTRY--PERSONAL NAME
Personal name Schatell, Brian,
Relator term illustrator
906 ## - LOCAL DATA ELEMENT F, LDF (RLIN)
a 7
b cbc
c orignew
d 1
e ocip
f 19
g y-gencatlg
942 ## - ADDED ENTRY ELEMENTS (KOHA)
Source of classification or shelving scheme Dewey Decimal Classification
Koha item type Books
Suppress in OPAC No
Holdings
Withdrawn status Lost status Source of classification or shelving scheme Damaged status Not for loan Collection Home library Current library Shelving location Date acquired Total Checkouts Full call number Barcode Date last seen Price effective from Koha item type
    Dewey Decimal Classification     Juvenile Fiction Footprints International School Library Network Toul Kork Campus Footprints International School Library Network Toul Kork Campus TK Primary Library Room(4th Floor), Bookcase 3&4, Shelves 17-32, Yellow Books 12/19/2024   NAG 543 PZ7.N1345 FISBK02746 12/19/2024 12/19/2024 Books